Gaming Quiz

Random Gaming or Nintendo Quiz
Score 0/73 Timer 02:00
0 Plays Today
Character Smash Debut % Correct
Meta KnightB
86%
KenU
85.2%
PitB
84.8%
InklingU
84.8%
FalcoM
84.4%
Yoshi64
84%
Toon LinkB
84%
WolfB
84%
Little Mac4
84%
Dark SamusU
83.6%
Fox64
83.6%
ZeldaM
83.6%
Game & WatchM
83.6%
Dark Pit4
83.6%
Zero Suit SamusB
83.6%
Pac-Man4
83.6%
Samus64
83.2%
MewtwoM
83.2%
Diddy KongB
83.2%
LucasB
83.2%
SonicB
83.2%
Cloud4
83.2%
Donkey Kong64
82.8%
BowserM
82.8%
SnakeB
82.8%
Jigglypuff64
82.4%
DaisyU
82.4%
RoyM
82.4%
Mega Man4
82.4%
IncineroarU
82.4%
Ness64
82%
MarthM
82%
Lucina4
82%
OlimarB
82%
Mii Fighters4
82%
Palutena4
82%
Ryu4
82%
Character Smash Debut % Correct
IsabelleU
82%
JokerU
82%
Mario64
81.6%
Kirby64
81.6%
Young LinkM
81.6%
Pokémon TrainerB
81.6%
Bayonetta4
81.6%
WarioB
81.2%
R.O.B.B
81.2%
Wii Fit Trainer4
81.2%
Link64
80.8%
King DededeB
80.8%
Duck Hunt4
80.8%
Corrin4
80.8%
RidleyU
80.8%
RichterU
80.8%
Piranha PlantU
80.8%
Capt. Falcon64
80.4%
Bowser Jr.4
80.4%
PeachM
80%
Ice ClimbersM
80%
Rosalina & Luma4
80%
SimonU
79.6%
King K. RoolU
79.6%
IkeB
79.2%
LucarioB
79.2%
Greninja4
79.2%
Robin4
79.2%
SheikM
78.4%
Dr. MarioM
78.4%
ChromU
78%
Villager4
78%
Shulk4
78%
Luigi64
77.6%
GanondorfM
77.2%
Pikachu64
76%
Remove Ads.
Support Sporcle.
Get the best of Sporcle when you Go Orange. This ad-free experience offers more features, more stats, and more fun while also helping to support Sporcle. Thank you for becoming a member.

You're not logged in!

Compare scores with friends on all Sporcle quizzes.
OR
Log In

Show Comments

Extras

Created Dec 15, 2018ReportNominateIcon Source: Super Smash Bros. Ultimat...
Tags:Nintendo Quiz, Super Smash Bros, Video Game Characters

Top Quizzes Today


Score Distribution

Your Account Isn't Verified!

In order to create a playlist on Sporcle, you need to verify the email address you used during registration. Go to your Sporcle Settings to finish the process.

Report this User

Report this user for behavior that violates our Community Guidelines.

Details: